| Tag |
First Indicator |
Second Indicator |
Subfields |
| LEADER |
00000cam a2200000 a 4500 |
| 001 |
in00002539021 |
| 005 |
20151113133027.0 |
| 008 |
090731s2009 quc 000 0aeng |
| 020 |
|
|
|a 9781550652628
|
| 020 |
|
|
|a 1550652621
|
| 035 |
|
|
|a (OCoLC)ocn429726063
|
| 040 |
|
|
|a NLC
|b eng
|c NLC
|d VP@
|d CDX
|d UtOrBLW
|
| 049 |
|
|
|a TXAM
|
| 050 |
|
4 |
|a ND249.R6
|b R63 2009
|
| 055 |
|
0 |
|a ND249 R6
|b R63 2009
|
| 082 |
0 |
|
|a 759.11
|2 22
|
| 100 |
1 |
|
|a Roberts, Joan,
|d 1922-
|
| 245 |
1 |
0 |
|a Joan & Goodridge :
|b my life with Goodridge Roberts /
|c Joan Roberts.
|
| 246 |
3 |
0 |
|a Joan and Goodridge
|
| 264 |
|
1 |
|a Montréal :
|b Véhicule Press,
|c [2009]
|
| 264 |
|
4 |
|c ©2009
|
| 300 |
|
|
|a 175 pages, 8 unnumbered pages of plates :
|b illustrations ;
|c 22 cm.
|
| 336 |
|
|
|a text
|b txt
|2 rdacontent
|
| 337 |
|
|
|a unmediated
|b n
|2 rdamedia
|
| 338 |
|
|
|a volume
|b nc
|2 rdacarrier
|
| 500 |
|
|
|a Includes index.
|
| 600 |
1 |
0 |
|a Roberts, Joan,
|d 1922-
|
| 600 |
1 |
0 |
|a Roberts, Goodridge,
|d 1904-1974.
|
| 650 |
|
0 |
|a Painters' spouses
|z Canada
|v Biography.
|
| 650 |
|
0 |
|a Women social workers
|z Québec (Province)
|z Montréal
|v Biography.
|
| 945 |
|
|
|a PromptCat
|b 872838
|
| 946 |
|
|
|a stk
|
| 947 |
|
|
|a A14840027625
|
| 948 |
|
|
|a cataloged
|b h
|c 2010/1/29
|d c
|e dmitchel
|f 1:50:30 pm
|
| 994 |
|
|
|a 92
|b TXA
|
| 999 |
|
|
|a MARS
|
| 999 |
f |
f |
|s d65632fe-6810-3cba-a69a-9e27d5c9b005
|i ec767ee2-e148-36d5-ad7c-ad373df9c0ff
|t 0
|
| 952 |
f |
f |
|p normal
|a Texas A&M University
|b College Station
|c Sterling C. Evans Library
|d Evans: Library Stacks
|t 0
|e ND249.R6 R63 2009
|h Library of Congress classification
|i unmediated -- volume
|m A14840027625
|
| 998 |
f |
f |
|a ND249.R6 R63 2009
|t 0
|l Evans: Library Stacks
|